000 00554nam a2200205Ia 4500
003 GCL
008 140319s9999 xx 000 0 eng d
020 _a2213594384
040 _aGCL /
_cGCL
082 0 4 _a923.1
_bP C
100 1 _aMEUNIER, LUCIEN
245 1 0 _aCOMBAT POUR LA PAIX /
_cMEUNIER, LUCIEN
700 1 _aPERES, SHIMON
260 _aفرنسا :
_bFAYARD ،
_c1995
300 _a455 P
_bPHOTOS ؛
_c22 cm.
650 0 4 _aBIOGRAPHIES
650 0 4 _aPERES, SHIMON - BIOGRAPHY
650 0 4 _aISRAEL - HISTORY - SHIMON PERES
942 _2ddc
_cBK
999 _c4819
_d4819